| 000 | 00362nam a22001577a 4500 | ||
|---|---|---|---|
| 005 | 20160629123644.0 | ||
| 008 | 160629b xxu||||| |||| 00| 0 eng d | ||
| 041 | _aeng | ||
| 082 | _b11026 | ||
| 100 |
_aMishra, A.K. _93174 |
||
| 245 | _aBangla Shatyer Sampurn Itihas | ||
| 260 | _bShahitya Sangeet | ||
| 300 | _a890 | ||
| 650 |
_aManagement _9241 |
||
| 942 | _cBK | ||
| 999 |
_c4656 _d4654 |
||